Stranger Things: Number of Character Lines - Statistics

General Stats
  • This quiz has been taken 285 times
  • The average score is 10 of 30
Answer Stats
Rank Number of Lines Answer % Correct
1 977 Dustin Henderson
97%
2 940 Mike Wheeler
97%
3 923 Jim Hopper
89%
4 783 Joyce Byers
86%
5 739 Nancy Wheeler
77%
6 637 Steve Harrington
71%
7 617 Lucas Sinclair
69%
8 530 Jonathan Byers
62%
9 440 Eleven/Jane Ives
60%
10 415 Max Mayfield
55%
11 358 Will Byers
48%
12 243 Robin
37%
14 176 Billy Hargrove
31%
13 206 Karen Wheeler
25%
17 128 Erica Sinclair
23%
15 170 Murray Bauman
23%
30 32 Barbara Holland
16%
16 141 Bob Newby
14%
23 52 Alexei
5%
27 41 Martin Brenner
5%
18 124 Sam Owens
4%
29 37 Carol
3%
19 79 Kali Prasad
3%
22 53 Larry Kline
2%
26 43 Lonnie Byers
2%
21 53 Scott Clarke
2%
24 45 Tommy H.
2%
28 39 Becky Ives
1%
25 44 Calvin Powell
1%
20 56 Phil Callahan
1%
No matching quizzes found
Score Distribution
Percent of People with Each Score
Percentile by Number Answered
Your Score History
You have not taken this quiz